Newark Liberty International Airport Destinations (Newark, NJ, USA) - Statistics

General Stats
  • This quiz has been taken 371 times
    32 since last reset
  • The average score is 135 of 191
Answer Stats
Airline Destination % Correct
Delta Air Lines/Frontier Airlines/Spirit Airlines/United Airlines/United Express Atlanta
96%
American Airlines/Spirit Airlines/United Airlines/United Express Charlotte
96%
Frontier Airlines Chicago (Midway)
96%
American Airlines/American Eagle/Spirit Airlines/United Airlines Chicago (O'Hare)
96%
Delta Air Lines/Spirit Airlines/United Airlines/United Express Detroit
96%
Emirates/United Airlines Dubai (International)
96%
British Airways/United Airlines London (Heathrow)
96%
Iberia/United Airlines Madrid
96%
American Airlines/Spirit Airlines/United Airlines Miami
96%
Air France/United Airlines Paris (Charles de Gaulle)
96%
French Bee/La Compagnie Paris (Orly)
96%
United Airlines/United Express Portland (ME)
96%
Alaska Airlines/United Airlines Portland (OR)
96%
JetBlue/Spirit Airlines/United Airlines Tampa
96%
Porter Airlines Toronto (Billy Bishop)
96%
Air Canada/Air Canada Express/United Express Toronto (Pearson)
96%
Air Canada/United Airlines Vancouver
96%
United Airlines Barcelona
92%
Air Canada Calgary
92%
American Airlines/Frontier Airlines/Spirit Airlines/United Airlines Dallas/Fort Worth
92%
Air India/United Airlines Delhi
92%
Aer Lingus/United Airlines Dublin
92%
TAP Air Portugal/United Airlines Lisbon
92%
Alaska Airlines/JetBlue/Spirit Airlines/United Airlines Los Angeles
92%
Air India Mumbai (Shivaji)
92%
Spirit Airlines/United Airlines/United Express Nashville
92%
Frontier Airlines/JetBlue/Spirit Airlines/United Airlines Orlando
92%
United Airlines Rome (Fiumicino)
92%
Alaska Airlines/United Airlines San Diego
92%
United Airlines San Francisco
92%
Alaska Airlines/United Airlines Seattle/Tacoma
92%
United Airlines/United Express Washington (Dulles)
92%
United Express Washington (National)
92%
Ethiopian Airlines Addis Ababa
88%
United Airlines Berlin
88%
Delta Connection/Spirit Airlines/United Airlines/United Express Boston
88%
United Airlines/United Express Buffalo
88%
Allegiant Air/Delta Connection/United Express Cincinnati
88%
United Airlines/United Express Cleveland
88%
United Airlines Denver
88%
Spirit Airlines/United Airlines Houston (Intercontinental)
88%
Turkish Airlines Istanbul
88%
JetBlue/Spirit Airlines/United Airlines Las Vegas
88%
Aeroméxico/United Airlines Mexico City
88%
Delta Air Lines/Sun Country Airlines/United Airlines/United Express Minneapolis/St. Paul
88%
Air Canada Express/Porter Airlines/United Express Montréal (Trudeau)
88%
Lufthansa/United Airlines Munich
88%
Icelandair/United Airlines Reykjavík
88%
Singapore Airlines Singapore
88%
LOT Polish Airlines Warsaw (Chopin)
88%
Spirit Airlines/United Airlines Austin
85%
BermudAir/United Airlines Bermuda
85%
Egyptair Cairo
85%
United Express Columbus (Glenn)
85%
Scandinavian Airlines Copenhagen
85%
Lufthansa/United Airlines Frankfurt
85%
Spirit Airlines/United Express Indianapolis
85%
United Airlines/United Express Jacksonville (FL)
85%
United Airlines/United Express Kansas City
85%
LOT Polish Airlines Kraków
85%
La Compagnie/United Airlines Milan (Malpensa)
85%
Spirit Airlines/United Airlines New Orleans
85%
La Compagnie/United Airlines Nice
85%
Scandinavian Airlines Oslo
85%
United Airlines Panama City (Tocumen)
85%
American Airlines/United Airlines Phoenix (Sky Harbor)
85%
United Express Pittsburgh
85%
TAP Air Portugal/United Airlines Porto
85%
Delta Connection/Spirit Airlines/United Airlines/United Express Raleigh/Durham
85%
Delta Air Lines/United Airlines Salt Lake City
85%
Spirit Airlines/United Airlines San Antonio
85%
Swiss International Air Lines/United Airlines Zürich
85%
JetBlue/United Airlines Cancún
81%
Spirit Airlines/United Airlines/United Express Charleston (SC)
81%
Breeze Airways Charleston (WV)
81%
United Express Memphis
81%
United Airlines Naples
81%
United Airlines San José (CR)
81%
United Airlines San José del Cabo
81%
United Airlines São Paulo (Guarulhos)
81%
United Airlines/United Express St. Louis
81%
Scandinavian Airlines Stockholm (Arlanda)
81%
El Al/United Airlines Tel Aviv
81%
United Airlines Tokyo (Haneda)
81%
United Airlines Tokyo (Narita)
81%
Austrian Airlines Vienna
81%
United Airlines Amsterdam
77%
JetBlue/United Airlines Aruba
77%
Emirates/United Airlines Athens
77%
United Airlines Brussels
77%
Air Canada Express/United Express Halifax
77%
United Express Louisville
77%
Porter Airlines/United Express Ottawa
77%
Arajet/JetBlue/United Airlines Punta Cana
77%
United Airlines/Volaris El Salvador San Salvador
77%
United Airlines Bogotá
73%
Allegiant Air Des Moines
73%
Volaris Guadalajara
73%
United Airlines/United Express Key West
73%
Spirit Airlines/United Airlines/United Express Myrtle Beach
73%
United Airlines Nassau
73%
United Express Richmond
73%
United Airlines Sacramento
73%
JetBlue/Spirit Airlines/United Airlines/United Express West Palm Beach
73%
United Airlines Belize City
69%
JetBlue/Spirit Airlines/United Airlines Fort Lauderdale
69%
United Airlines Geneva
69%
United Airlines Guatemala City
69%
United Express Milwaukee
69%
Frontier Airlines/JetBlue/Spirit Airlines/United Airlines San Juan
69%
Arajet/JetBlue/United Airlines Santo Domingo (Las Américas)
69%
United Airlines St. Kitts
69%
United Airlines St. Lucia (Hewanorra)
69%
United Airlines Antigua
65%
United Airlines Curaçao
65%
Allegiant Air Destin/Fort Walton Beach
65%
JetBlue/United Airlines Fort Myers
65%
Allegiant Air/United Express Grand Rapids
65%
United Express Madison
65%
United Airlines Montego Bay
65%
United Airlines/United Express Norfolk
65%
United Express Québec City
65%
United Airlines/United Express Rochester (NY)
65%
United Airlines Sarasota
65%
Allegiant Air/Spirit Airlines/United Airlines/United Express Savannah
65%
La Compagnie/United Airlines St. Maarten
65%
United Airlines/United Express Syracuse
65%
United Airlines Venice
65%
United Express Wilmington (NC)
65%
United Airlines Barbados
62%
United Airlines Edinburgh
62%
United Airlines Grand Cayman
62%
United Airlines Honolulu
62%
United Airlines Lima
62%
United Airlines Palermo
62%
United Airlines Santiago de Compostela
62%
JetBlue/United Airlines Santiago de los Caballeros
62%
United Express Greenville/Spartanburg
58%
Allegiant Air Knoxville
58%
United Airlines Palma de Mallorca
58%
United Airlines Port of Spain
58%
United Airlines Providenciales
58%
United Airlines Anchorage
54%
United Express Bangor
54%
United Airlines Bonaire
54%
United Airlines/United Express Burlington (VT)
54%
United Express Columbia (SC)
54%
United Express Greensboro
54%
United Airlines Palm Springs
54%
Air Premia/United Airlines Seoul (Incheon)
54%
United Airlines St. Thomas
54%
BermudAir Anguilla
50%
Allegiant Air/United Express Asheville
50%
United Airlines Bozeman
50%
United Airlines Faro
50%
United Airlines Funchal
50%
United Airlines Puerto Vallarta
50%
United Airlines Bari
46%
United Airlines Bilbao
46%
United Express Chattanooga
46%
United Airlines Eagle/Vail
46%
United Airlines Glasgow
46%
United Airlines Jackson Hole
46%
United Airlines Liberia (CR)
46%
United Airlines Málaga
46%
United Airlines Ponta Delgada
46%
United Airlines Cozumel
42%
United Airlines Dominica (Douglas-Charles)
42%
United Airlines Johannesburg (O. R. Tambo)
42%
United Airlines Marrakesh
42%
United Airlines Nuuk
42%
Volaris Puebla
42%
United Airlines Puerto Plata
42%
LOT Polish Airlines Rzeszów
42%
United Airlines Cape Town
38%
United Airlines Dubrovnik
38%
United Airlines Hayden/Steamboat Springs
38%
United Express Hilton Head
38%
United Airlines San Pedro Sula
38%
United Airlines Shannon
38%
United Airlines Tulum
38%
United Airlines Aguadilla
35%
United Express Nantucket
35%
United Airlines Orange County
35%
United Airlines Montrose
31%
Allegiant Air Appleton
27%
Allegiant Air Flint
27%
United Express Traverse City
27%
United Airlines Split
19%
Sunrise Airways Cap-Haïtien
8%
No matching quizzes found
Score Distribution
Percent of People with Each Score
Percentile by Number Answered
Your Score History
You have not taken this quiz since the last reset